00826nam a22002297a 450000500170000000800410001702000160005805000160007410000180009024500920010825000110020026000610021130000350027250000200030750501670032765000150049470000180050970000200052770000140054770000190056170000160058020210414113941.0120517t xxu||||| |||| 00| 0 eng d a981024293 x aQA276.2.573 aBassett, E.E. aStatistics: Problems and solutions /cE.E. Bassette, J.M Bremner, I.T. Jolliffe...et al a2n ed. aNew Jersey:bWorld Scientific Publishing Co. Ltd,c2000. axi, 227p. :bill. ;c25.8 Ccm. aIncludes index. aContents: Probability and random variables -- Probability and distributions -- Data summarization and goodness-of-fit -- Inference -- Analysis of structured data. aStatistics aBremner, J.M. aJolliffe, I.T.  aJones, B. aMorgan, B.J.T. aNorth, P.M.